Teams, die die USA im Fußball besiegt haben (Frauen) - Statistiken

Allgemein
  • Dieses Quiz wurde 60 mal gespielt
  • Das Durchschnittsergebnis liegt bei 6 aus 8
Antwortstatistiken
Jahr Phase Endstand Land % Korrekt
WM 2003 Halbfinale 3-0 Deutschland
94%
WM 2011 Finale 2-2 (E) Japan
87%
WM 2023 Achtelfinale 0-0 (E) Schweden
80%
WM 2019 Gruppe 2-0 Schweden
80%
WM 2011 Gruppe 2-1 Schweden
80%
WM 2007 Halbfinale 4-0 Brasilien
76%
WM 1995 Halbfinale 1-0 Norwegen
72%
Gold Cup 2024 Gruppe 2-0 Mexiko
65%
Keine übereinstimmenden Quizze gefunden
Verteilung der Resultate
Anzahl Personen mit jedem Resultat
Perzentil nach korrekt beantworteten Fragen
Ihre Resultats-Entwicklung
Sie haben dieses Quiz noch nicht gespielt